Statistics for Cities Closest to an Unknown City by Picture

Click here to take the quiz!

General Stats

  • This quiz has been taken 26 times
  • The average score is 5 of 20

Answer Stats

Answer% Correct
New York City
100%
Washington DC
88%
Philadelphia
83%
Boston
50%
Baltimore
42%
Richmond
25%
Jersey City
21%
Virginia Beach
21%
Yonkers
17%
Newark
13%
Alexandria
8%
Norfolk
8%
Rochester
8%
Buffalo
4%
Newport News
4%
Providence
4%
Bridgeport
0%
Chesapeake
0%
Springfield
0%
Worcester
0%

Score Distribution

Percentile by Number Answered

Percent of People with Each Score

Your Score History

You have not taken this quiz